LEADER 01286nam a2200301 i 4500 001 991002131369707536 005 20020507160457.0 008 000502s1993 it ||| | ita 020 $a8815042407 035 $ab1161321x-39ule_inst 035 $aLE02731034$9ExL 040 $aDip.to Studi Giuridici$bita 082 0 $a350.000285 084 $aAM-IV/E 100 1 $aMarozza, Franco$0127335 245 10$aNuove metodologie per i sistemi informativi della pubblica amministrazione :$bintegrazione del Quadro di riferimento metodologico per la progettazione di sistemi informativi /$ca cura di Paolo Ercoli, Carlo Batini e Franco Marozza 260 $aBologna :$bIl Mulino,$c[1993] 300 $a355 p. ;$c22 cm. 490 0 $aOrganizzazione e funzionamento della pubblica amministrazione ;$v36 650 4$aAmministrazione pubblica$xServizi$xAutomazione 700 1 $aBatini, Carlo 700 1 $aErcoli, Paolo 907 $a.b1161321x$b01-03-17$c02-07-02 912 $a991002131369707536 945 $aLE027 AM-IV/E 17$g1$i2027000193202$lle027$o-$pE0.00$q-$rl$s- $t0$u0$v0$w0$x0$y.i11828420$z02-07-02 996 $aNuove metodologie per i sistemi informativi della pubblica amministrazione$9897313 997 $aUNISALENTO 998 $ale027$b01-01-00$cm$da $e-$fita$git $h0$i1 LEADER 02306nas 2200421 n 450 001 990008893220403321 005 20240229084308.0 011 $a0376-1843 035 $a000889322 035 $aFED01000889322 035 $a(Aleph)000889322FED01 035 $a000889322 091 $2CNR$aP 00146453 100 $a20090724b19711980km-y0itaa50------ba 101 0 $aspa 102 $aES 110 $aauu-------- 200 1 $aAnales del Instituto Nacional de Investigaciones Agrarias. Serie producción animal 207 1$a1971-1980 210 $aMadrid$cInstituto Nacional de Investigaciones Agrarias 440 0$1001000889319$12001$aAnales del Instituto Nacional de Investigaciones Agrarias. Serie ganadera 443 0$1001000889334$12001$aAnales. Instituto Nacional de Investigaciones Agronómicas 530 0 $aAnales del Instituto Nacional de Investigaciones Agrarias. Serie producción animal 675 $a636 712 02$aInstituto Nacional de Investigaciones Agrarias$c 801 0$aIT$bACNP$c20090723 859 4 $uhttp://acnp.cib.unibo.it/cgi-ser/start/it/cnr/dc-p1.tcl?catno=78140&person=false&language=ITALIANO&libr=&libr_th=unina1$zBiblioteche che possiedono il periodico 901 $aSE 912 $a990008893220403321 958 $aBiblioteca Centralizzata. Facoltà di Agraria dell'Università Federico II di Napoli$b1971-1980.$fFAGBC 958 $aBiblioteca del Dipartimento di Entomologia e Zoologia Agraria dell'Università degli Studi di Napoli Federico II$b1971-1972;$fDAGEN 959 $aFAGBC 959 $aDAGEN 996 $aAnales del Instituto Nacional de Investigaciones Agrarias. Serie producción animal$9801621 997 $aUNINA AP1 8 $6866-01$aNA087 Biblioteca Centralizzata. Facoltà di Agraria dell'Università Federico II di Napoli$ev. Università, 100 Palazzo Reale, 80055 Portici (NA)$m081-2539322$m081-7760229$nit AP1 8 $6866-02$aNA219 Biblioteca del Dipartimento di Entomologia e Zoologia Agraria dell'Università degli Studi di Napoli Federico II$eVia Università, 100, 80055 Portici (NA)$m0812539188$m0817755145$nit AP2 40$aacnp.cib.unibo.it$nACNP Italian Union Catalogue of Serials$uhttp://acnp.cib.unibo.it/cgi-ser/start/it/cnr/df-p.tcl?catno=78140&language=ITALIANO&libr=&person=&B=1&libr_th=unina&proposto=NO